| 000 | 01223nam0a22002531 4500 | ||
|---|---|---|---|
| 001 | rc\2812088 | ||
| 005 | 20250806210749.0 | ||
| 035 | _a(NLR Aleph) 006937917 | ||
| 090 |
_a34127 _c34127 |
||
| 100 | _a20110915d1944 u y0rusy50 ca | ||
| 101 | 0 | _arus | |
| 102 | _aRU | ||
| 105 | _ay z ||||| | ||
| 200 | 1 |
_aТехнические условия на заводское изготовление, сборку и установку новых металлических пролетных строений для восстановления железнодорожных мостов _fГл. упр. воен.-восстановит. работ, Тех. отдел |
|
| 210 |
_a[Москва] _cТрансжелдориздат _d1944 |
||
| 215 |
_a32 с., без тит. л. _d23 см. |
||
| 710 | 0 | 1 |
_aСССР _bНародный комиссариат путей сообщения _bГлавное управление военно-восстановительных работ _3RU\NLR\AUTH\8810029477 |
| 801 | 0 |
_aRU _bNLR _gpsbo |
|
| 801 | 1 |
_aRU _bELAR _2rusmarc |
|
| 852 |
_aNLR _jТ86 Г-6/47 |
||
| 942 | _cBOOK | ||
| 945 | _aРоссийская национальная библиотека | ||
| 980 | _aNB | ||
| 980 | _aBV | ||